Návrh koncepcie ťahaného pluhu s diskovými frézami

Na minha lista:
Detalhes bibliográficos
Autor principal: Banyár, Dávid (Author)
Outros Autores: Protasov, Roman (Thesis advisor)
Formato: Manuscrito Livro
Idioma:eslovaco
Publicado em: 2023
Assuntos:
Acesso em linha:http://is.stuba.sk/zp/portal_zp.pl?podrobnosti=162520
Tags: Adicionar Tag
Sem tags, seja o primeiro a adicionar uma tag!

MARC

LEADER 00000ntm a22000003a 4500
001 stuzp94631
003 SK-STU
005 20240417080954.2
007 ta
008 150427s2015----xo-----f-mn---000-0-slo-d
040 |a STU  |b slo 
041 0 |a slo 
100 1 |a Banyár, Dávid  |u 020030  |4 aut  |U SjF Strojnícka fakulta  |T SjF Ústav dopravnej techniky a konštruovania  |X 110677  |U J0030  |Y 806  |7 110677 
242 0 1 |a Concept design of trailed plow with disc cutters  |y eng 
245 1 0 |a Návrh koncepcie ťahaného pluhu s diskovými frézami 
260 |c 2023 
650 4 |a obrábanie pôdy  |2 slo 
650 4 |a diskový pluh  |2 slo 
650 4 |a pluh  |2 slo 
650 4 |a koncepčný návrh  |2 slo 
650 4 |a pevnostná analýza  |2 slo 
650 4 |a tillage  |2 eng 
650 4 |a plough  |2 eng 
650 4 |a disc plough  |2 eng 
650 4 |a conceptual design  |2 eng 
650 4 |a strength analysis  |2 eng 
700 1 |a Protasov, Roman  |u 020030  |k Z1  |4 ths  |U SjF Strojnícka fakulta  |T SjF Ústav dopravnej techniky a konštruovania  |X 101680  |U J0030  |Y 806  |7 101680 
856 4 |u http://is.stuba.sk/zp/portal_zp.pl?podrobnosti=162520 
996 |b 284J047500  |c J* 3622/DBP  |l JJSK  |s A  |a 24  |w stuzp94631_0001